Hong Kong Peak Tram Stations 香港山頂纜車站 - Statistics

General Stats
  • This quiz has been taken 33 times
  • The average score is 4 of 6
Answer Stats
Answer % Correct
The Peak 山頂
96%
Garden Road 花園道
82%
May Road 梅道
75%
Kennedy Road 堅尼地道
61%
MacDonnell Road 麥當奴道
61%
Baker Road 白加道
36%
No matching quizzes found
Score Distribution
Percent of People with Each Score
Percentile by Number Answered
Your Score History
You have not taken this quiz